000 00742nam a2200277 i 4500
001 C2-0246929
003 PPAK
005 20180727211603.0
008 030325s1999 enka|||| ||||| | eng d
020 _a0751371777
040 _aPPAK
_beng
_cPPAK
_erda
082 0 4 _a398.2
_223
090 0 0 _a398.2
_bCLE
_dRK
100 1 _aClement-Davies, David,
_eauthor
245 1 4 _aThe nutcracker
264 1 _aLondon :
_bDorling Kindersley ,
_c1999
300 _a64 pages :
_bcolour illustrations ;
_c26 cm
336 _2rdacontent
_atext
337 _2rdamedia
_aunmediated
338 _2rdacarrier
_avolume
490 1 _aEyewitness classics
650 1 0 _aFairy tales
700 _eauthor
830 0 _aEyewitness classics
942 _ddc
_cB
999 _c60820
_d60820